تحميل...

Shikhsa aur sanskriti

التفاصيل البيبلوغرافية
المؤلف الرئيسي: Jainendra Kumar
التنسيق: Printed Book
منشور في: New Delhi, Samananthar Prekshen 1983
الموضوعات:
LEADER 004860000a22001570004500
082 |a 891.434 08 JAI/A M3 
100 |a Jainendra Kumar 
245 |a Shikhsa aur sanskriti 
260 |a New Delhi, Samananthar Prekshen 
260 |c 1983 
650 |a Collection 
650 |a Essays 
650 |a Hindi literature 
942 |c BK 
999 |c 134573  |d 134569 
952 |0 0  |1 0  |4 0  |6 891_434000000000000_08_JAI_A_M3  |7 0  |9 133483  |a SCP  |b SCP  |d 2014-02-11  |l 0  |o 891.434 08 JAI/A M3  |p SCP02698  |r 2014-02-11  |w 2014-02-11  |y BK